| 000 | 00585 a2200169 4500 | ||
|---|---|---|---|
| 020 | _a8171418260 | ||
| 082 | _a515.35 | ||
| 090 |
_c1560 _d1560 |
||
| 100 | _aSharma, A. K. | ||
| 245 |
_aAdvanced Differential Equations _bFor M.A, M.Sc., M.Com., I.A.S., P.C.S. _cA. K. Sharma |
||
| 260 |
_aNew Delhi _bDiscovery Publishing _c2004 |
||
| 300 | _a484 | ||
| 440 | _aDPH Mathematics Series | ||
| 830 | _aDPH Mathematics Series | ||
| 942 |
_aSNS _cBK _k515.35 SHA |
||
| 999 |
_c30170 _d30170 |
||